000 01393nam a2200361 a 4500
001 ebr10671113
003 CaPaEBR
006 m u
007 cr cn|||||||||
008 091222s2010 nyua sb 001 0 eng d
010 _z 2009050559
020 _z9781616682828 (pbk.)
020 _z9781613243251 (e-book)
040 _aCaPaEBR
_cCaPaEBR
035 _a(OCoLC)847626015
050 1 4 _aQD305.K2
_bM58 2010eb
082 0 4 _a547/.638
_222
100 1 _aMetwally, M. A.
245 1 0 _aCyclic [beta]-keto esters
_h[electronic resource] :
_bsynthesis and reactions /
_cM.A. Metwally and E.G. Sadek.
260 _aHauppauge, N.Y. :
_bNova Science Publishers,
_cc2010.
300 _a111 p. :
_bill.
490 1 _aChemistry research and applications series
504 _aIncludes bibliographical references (p. [93]-106) and index.
533 _aElectronic reproduction.
_bPalo Alto, Calif. :
_cebrary,
_d2013.
_nAvailable via World Wide Web.
_nAccess may be limited to ebrary affiliated libraries.
650 0 _aKetones.
650 0 _aEsters.
650 0 _aOrganic cyclic compounds.
655 7 _aElectronic books.
_2local
700 1 _aSadek, E. G.
710 2 _aebrary, Inc.
830 0 _aChemistry research and applications series.
856 4 0 _uhttp://site.ebrary.com/lib/rucke/Doc?id=10671113
_zAn electronic book accessible through the World Wide Web; click to view
999 _c162222
_d162222